书目信息 |
| 题名: |
自我表露与心理健康
|
|
| 作者: | 李林英 著 | |
| 分册: | ||
| 出版信息: | 北京 北京理工大学出版社 2008.10 |
|
| 页数: | 221页 | |
| 开本: | 23cm | |
| 丛书名: | ||
| 单 册: | ||
| 中图分类: | R161.1 | |
| 科图分类: | ||
| 主题词: | 心理保健--xin li bao jian | |
| 电子资源: | ||
| ISBN: | 978-7-5640-1767-5 | |
| 000 | 00799nam0 2200241 450 | |
| 001 | 012009455535 | |
| 005 | 20090919150902.18 | |
| 010 | @a978-7-5640-1767-5@dCNY30.00 | |
| 100 | @a20090919d2008 em y0chiy0120 ea | |
| 101 | 0 | @achi |
| 102 | @aCN@b110000 | |
| 105 | @aak a 000yy | |
| 106 | @ar | |
| 200 | 1 | @a自我表露与心理健康@Azi wo biao lu yu xin li jian kang@f李林英等著@Fli lin ying deng zhu |
| 210 | @a北京@c北京理工大学出版社@d2008.10 | |
| 215 | @a221页@c图@d23cm | |
| 320 | @a有书目 | |
| 330 | @a本书主要内容包括:自我表露的研究背景,自我表露的概念,自我表露的概念,社会渗透理论,社会交换理论,表露的平衡论等。 | |
| 606 | 0 | @a心理保健@Axin li bao jian |
| 690 | @aR161.1@v4 | |
| 701 | 0 | @a李林英@Ali lin ying@4著 |
| 801 | 0 | @aCN@bQSSK@c20090919 |
| 905 | @b757355-57@dR161.1@eL208@f3 | |
| 自我表露与心理健康/李林英等著.-北京:北京理工大学出版社,2008.10 |
| 221页:图;23cm |
| ISBN 978-7-5640-1767-5:CNY30.00 |
| 本书主要内容包括:自我表露的研究背景,自我表露的概念,自我表露的概念,社会渗透理论,社会交换理论,表露的平衡论等。 |
| ● |
| 相关链接 |
|
|
|
正题名:自我表露与心理健康
索取号:R161.1/L208
 
预约/预借
| 序号 | 登录号 | 条形码 | 馆藏地/架位号 | 状态 | 备注 |
| 1 | 757355 | 207573552 | 自科库401/401自科库 5排4列1层/ [索取号:R161.1/L208] | 在馆 | |
| 2 | 757356 | 207573561 | 自科库401/401自科库 5排4列1层/ [索取号:R161.1/L208] | 在馆 | |
| 3 | 757357 | 207573570 | 自科库401/401自科库 5排4列1层/ [索取号:R161.1/L208] | 在馆 |